El Salvador and Colombia: lessons of the peace process /
שמור ב:
| מחבר ראשי: | |
|---|---|
| פורמט: | Texto |
| נושאים: | |
| תגים: |
הוספת תג
אין תגיות, היה/י הראשונ/ה לתייג את הרשומה!
|
MARC
| LEADER | 00000 a a2200000 04500 | ||
|---|---|---|---|
| 001 | 11994 | ||
| 003 | |||
| 040 | |||
| 100 | |a Arnson, Cynthia J | ||
| 245 | |a El Salvador and Colombia: |b lessons of the peace process / |c Cynthia J Arnson | ||
| 650 | |a PAZ | ||
| 650 | |a GUERRA | ||
| 650 | |a VIOLENCIA | ||
| 650 | |a MILITARISMO | ||
| 650 | |a GUERRILLEROS | ||
| 650 | |a FUERZAS ARMADAS | ||
| 650 | |a DERECHOS HUMANOS | ||
| 650 | |a SOCIEDAD CIVIL | ||
| 650 | |a CORRUPCION | ||
| 650 | |2 Macrothesaurus de la OCDE | ||
| 650 | |a TRAFICO DE DROGAS | ||
| 773 | |g número 38; páginas 41-46 | ||
| 999 | |c 27107 |d 27107 | ||
